Studies in the development of capitalism (Record no. 26881)

MARC details
000 -LEADER
fixed length control field 00450nam a2200169Ia 4500
008 - FIXED-LENGTH DATA ELEMENTS--GENERAL INFORMATION
fixed length control field 230917s9999||||xx |||||||||||||| ||und||
020 ## - ISBN
Price RS375
040 ## - CATALOGING SOURCE
-- 247734
Original cataloging agency VIVEKANANDA LIBRARY
041 ## - Language
-- English
082 ## - DDC NUMBER
Classification number 330.122 D654S
100 ## - MAIN ENTRY--PERSONAL NAME
Personal name Dobb, Maurice
245 #0 - TITLE STATEMENT
Title Studies in the development of capitalism
260 ## - PUBLICATION, DISTRIBUTION, ETC. (IMPRINT)
Place of publication, distribution, etc London
Name of publisher, distributor, etc Routledge
Date of publication, distribution, etc 2007
300 ## - PHYSICAL DESCRIPTION
Pages ix, 402 p.
500 ## - GENERAL NOTE
General note 3132 25/05/2018 RK18/450 30/05/2018 Main Budget
942 ## - ADDED ENTRY ELEMENTS (KOHA)
Koha item type Books
Holdings
Withdrawn status Lost status Damaged status Not for loan Location (home branch) Sublocation or collection (holding branch) Date acquired Koha issues (times borrowed) Koha full call number Accession No. Koha date last seen Koha item type
        VIVEKANANDA LIBRARY VIVEKANANDA LIBRARY 05/07/2018   330.122 D654S 373358 17/09/2023 Books
        VIVEKANANDA LIBRARY VIVEKANANDA LIBRARY 05/07/2018   330.122 D654S 373359 17/09/2023 Books
© Designed and Maintained by Vivekananda Library, MDU Rohtak